| 000 | 00415nam a2200193Ia 4500 | ||
|---|---|---|---|
| 008 | 210210b1875 xxu||||| |||| 00| 0 eng d | ||
| 041 | _aeng | ||
| 082 | _a386/14 | ||
| 100 | _aCUNNINGHAM (H S) | ||
| 245 | _aIndian contract act | ||
| 260 |
_aMadras _b- _c1875 |
||
| 300 | _a415 | ||
| 650 | _aIndian | ||
| 650 | _acontract | ||
| 650 | _aact | ||
| 690 | _aLaw | ||
| 700 | _aSHEPHARD (H H) | ||
| 906 | _a005565 | ||
| 999 |
_c125591 _d125591 |
||